[Event "SRB-chT3 North CS"]
[Site "Serbia"]
[Date "2012.09.22"]
[Round "2.4"]
[White "Mesterovic, Ljubisa J"]
[Black "Mladenovic, Sasa D"]
[Result "0-1"]
[WhiteElo "1828"]
[BlackElo "2172"]
[PlyCount "72"]
[EventDate "2012.09.21"]
[EventType "team"]
[EventRounds "10"]
[EventCountry "SRB"]
[SourceTitle "EXT 2015"]
[Source "ChessBase"]
[SourceDate "2014.11.20"]
[SourceVersion "1"]
[SourceVersionDate "2014.11.20"]
[SourceQuality "1"]

1. d4 Nf6 2. c4 c5 3. d5 b5 4. b3 bxc4 5. bxc4 g6 6. Bb2 d6 7. Nd2 Bg7 8. Qc2 0-0 9. e3 Na6 10. a3 Rb8 11. Bc3 Qc7 12. Be2 Rb7 13. Ngf3 Bg4 14. 0-0 Nd7 15. Bxg7 Kxg7 16. Bd3 Bxf3 17. Nxf3 Qa5 18. Nd2 Rfb8 19. Ra2 Kg8 20. f4 Nc7 21. h3 Ne8 22. Kh2 Nef6 23. e4 Re8 24. Nf3 Nh5 25. Qc1 e6 26. g4 exd5 27. exd5 Nhf6 28. Rff2 Rb3 29. Bc2 Rc3 30. f5 Ree3 31. Qf1 Qa6 32. fxg6 hxg6 33. Ng5 Qxc4 34. Rxf6 Nxf6 35. Qxf6 Rxc2+ 36. Kh1 Re1+ 0-1

[Event "SRB-chT3 North"]
[Site "Serbia"]
[Date "2008.10.25"]
[Round "9.3"]
[White "Mladenovic, Sasa D"]
[Black "Mitrovic, Jovica"]
[Result "0-1"]
[WhiteElo "2192"]
[BlackElo "2186"]
[PlyCount "68"]
[EventDate "2008.09.14"]
[EventType "team"]
[EventRounds "11"]
[EventCountry "SRB"]
[SourceTitle "EXT 2012"]
[Source "ChessBase"]
[SourceDate "2011.11.24"]
[SourceVersion "1"]
[SourceVersionDate "2011.11.24"]
[SourceQuality "1"]

1. d4 Nf6 2. c4 g6 3. Nc3 Bg7 4. e4 d6 5. f4 c5 6. d5 0-0 7. Nf3 e6 8. Be2 exd5 9. cxd5 Re8 10. Nd2 Ng4 11. Bxg4 Qh4+ 12. g3 Qxg4 13. Qxg4 Bxg4 14. Kf2 Na6 15. Nb5 Bd4+ 16. Kg2 Rad8 17. a3 Be2 18. Nxd4 cxd4 19. b4 Rc8 20. Kf2 Bd3 21. Re1 Nc7 22. Bb2 Nb5 23. Rac1 Nc3 24. e5 dxe5 25. d6 Red8 26. fxe5 f6 27. Bxc3 dxc3 28. Nf3 fxe5 29. Nxe5 Rxd6 30. Re3 Bb5 31. Rexc3 Rd2+ 32. Kf3 Rf8+ 33. Kg4 Rxh2 34. Nf3 Bd7+ 0-1

[Event "SRB-chT3 North"]
[Site "Serbia"]
[Date "2008.10.23"]
[Round "6.6"]
[White "Mladenovic, Sasa D"]
[Black "Kikanovic, Zivota"]
[Result "1-0"]
[WhiteElo "2192"]
[BlackElo "2220"]
[PlyCount "96"]
[EventDate "2008.09.14"]
[EventType "team"]
[EventRounds "11"]
[EventCountry "SRB"]
[SourceTitle "EXT 2012"]
[Source "ChessBase"]
[SourceDate "2011.11.24"]
[SourceVersion "1"]
[SourceVersionDate "2011.11.24"]
[SourceQuality "1"]

1. d4 Nf6 2. c4 d6 3. Nc3 e5 4. d5 Nbd7 5. e4 Nc5 6. f3 a5 7. Be3 Nfd7 8. Qd2 Be7 9. 0-0-0 c6 10. Nh3 a4 11. Nf2 Qa5 12. Nb1 Qc7 13. Na3 Qa5 14. Be2 Qxd2+ 15. Kxd2 0-0 16. Nb1 f5 17. exf5 Rxf5 18. Nc3 Rf8 19. Kc1 a3 20. b3 Na6 21. dxc6 bxc6 22. Nfe4 Nf6 23. Nxd6 Be6 24. Nce4 Nxe4 25. Nxe4 h6 26. Bd3 Bf5 27. Nc3 Bc5 28. Rhe1 Bb4 29. Kc2 Bxd3+ 30. Rxd3 Rad8 31. Red1 Be7 32. Rxd8 Rxd8 33. Rxd8+ Bxd8 34. Kd3 Be7 35. Kc2 Kf7 36. Kb1 Ke6 37. Ne4 Bf8 38. Bd2 Be7 39. Kc2 Bf8 40. Nf2 h5 41. Nd3 Kf5 42. b4 e4 43. fxe4+ Kxe4 44. b5 cxb5 45. cxb5 Nb8 46. Nf4 Bd6 47. Nxh5 Be5 48. Bc3 Bxh2 1-0